000 00737nam a2200241Ia 4500
003 OSt
005 20221005103456.0
006 a|||||r|||| 00| 0
007 ta
008 221004b |||||||| |||| 00| 0 hin d
024 _a29902
037 _cTextual
040 _aCRL
_cCRL
_bhin
041 _2hin
_ahin
082 _aY:1.2, 152M5
100 _aनागोरी, एस.एल.
245 0 _aभारतीय संस्कृति
246 _aBhāratīya sanskṛuti
260 _aजयपुर
_bबोहरा प्रकाशन भारत
_c1985
300 _a290पृ.
_ccm.
942 _hY:1.2, 152M5
_cTEXL
_2cc
999 _c1010135
_d1010135